Dunkerley / (Record no. 148044)
[ view plain ]
| 000 -LEADER | |
|---|---|
| campo de control de longitud fija | 00513nam a2200169 4500 |
| 001 - NÚMERO DE CONTROL | |
| campo de control | 148044 |
| 003 - IDENTIFICADOR DE NÚMERO DE CONTROL | |
| campo de control | ES-MaACL |
| 005 - FECHA Y HORA DE LA ÚLTIMA TRANSACCIÓN | |
| campo de control | 20230906202410.0 |
| 007 - CAMPO FIJO DE DESCRIPCIÓN FÍSICA--INFORMACIÓN GENERAL | |
| campo de control de longitud fija | t| |
| 008 - DATOS DE LONGITUD FIJA--INFORMACIÓN GENERAL | |
| campo de control de longitud fija | 070214s1948 it r ||||1| ita d |
| 100 1# - ENTRADA PRINCIPAL--NOMBRE DE PERSONA | |
| Nombre de persona | Spring, Howard. |
| 9 (RLIN) | 107805 |
| 245 10 - MENCIÓN DEL TÍTULO | |
| Título | Dunkerley / |
| Mención de responsabilidad, etc. | Howard Spring ; unica traduzione autorizzata dall'inglese di Olga Ceretti. |
| 260 ## - PUBLICACIÓN, DISTRIBUCIÓN, ETC. | |
| Lugar de publicación, distribución, etc. | Milano : |
| Nombre del editor, distribuidor, etc. | Aldo Martello, |
| Fecha de publicación, distribución, etc. | 1948. |
| 300 ## - DESCRIPCIÓN FÍSICA | |
| Extensión | 336 p. : |
| Otras características físicas | il. ; |
| Dimensiones | 22 cm. |
| 700 1# - ENTRADA AGREGADA--NOMBRE PERSONAL | |
| Nombre de persona | Ceretti, Olga. |
| 9 (RLIN) | 37491 |
| 852 ## - LOCALIZACIÓN | |
| Ubicación | ES-MaACL |
| Número de control de estantería | B-12780 |
| Sublocalización o colección | R.28719 |
| Estatus retirado | Estado de pérdida | Estado de daño | No para préstamo | Biblioteca de origen | Biblioteca actual | Ubicación en estantería | Fecha de adquisición | Fuente de adquisición | Total de préstamos | Signatura topográfica completa | Código de barras | Visto por última vez | Precio de reemplazo | Tipo de ítem Koha |
|---|---|---|---|---|---|---|---|---|---|---|---|---|---|---|
| Biblioteca del Ateneo de Madrid | Biblioteca del Ateneo de Madrid | Sala Pardo Bazán | 17/01/2008 | B-12780 | 1154499 | 23/02/2023 | 23/02/2023 | Libro impreso |
